000
00201nam a2200109Ia 4500
100
_a
MORGAN/ELAINE
942
_c
BK
245
_a
DESCENT OF WOMAN
260
_b
#N/A
546
_a
ENGLISH
999
_c
27454
_d
27454